[Event "AUT-ch U14"]
[Site "Vienna"]
[Date "2008.05.10"]
[Round "2"]
[White "Gmasz, Patrick"]
[Black "Ehs, Dominik"]
[Result "0-1"]
[WhiteElo "1509"]
[BlackElo "1554"]
[PlyCount "86"]
[EventDate "2008.05.10"]
[EventType "swiss"]
[EventRounds "7"]
[EventCountry "AUT"]
[SourceTitle "EXT 2009"]
[Source "ChessBase"]
[SourceDate "2008.11.26"]
[SourceVersion "1"]
[SourceVersionDate "2008.11.26"]
[SourceQuality "1"]

1. e4 e5 2. Nf3 Nf6 3. Nxe5 d6 4. Nf3 Nxe4 5. Nc3 Nxc3 6. dxc3 Be7 7. Be3 0-0 8. Qd2 Nd7 9. 0-0-0 c6 10. h4 Qa5 11. Kb1 Nb6 12. Bd3 Be6 13. b3 Nd5 14. c4 Nc3+ 15. Kc1 Nxa2+ 16. Kb2 Qxd2 17. Bxd2 a5 18. Kxa2 a4 19. Kb1 axb3 20. cxb3 Bf6 21. Rc1 Ra3 22. Kc2 Rfa8 23. Rb1 b5 24. cxb5 cxb5 25. Bxb5 Bf5+ 26. Bd3 Rc8+ 27. Kd1 Bxd3 28. Rc1 Rxc1+ 29. Bxc1 Rxb3 30. Re1 Bb5 31. Re3 Rxe3 32. Bxe3 Bc6 33. h5 Bxf3+ 34. gxf3 Kf8 35. Kd2 Ke7 36. Kd3 Ke6 37. f4 Kf5 38. Kc4 Kg4 39. Kd5 Kxh5 40. Kxd6 Kg4 41. Kd7 h5 42. Ke8 h4 43. Kxf7 h3 0-1

[Event "AUT-ch U12"]
[Site "St Georgen"]
[Date "2007.??.??"]
[Round "1"]
[White "Gmasz, Patrick"]
[Black "Pilsan, Aaron"]
[Result "1/2-1/2"]
[WhiteElo "1454"]
[BlackElo "1638"]
[PlyCount "72"]
[EventDate "2007.05.??"]
[EventType "swiss"]
[EventRounds "7"]
[EventCountry "AUT"]
[SourceTitle "EXT 2008"]
[Source "ChessBase"]
[SourceDate "2007.11.25"]
[SourceVersion "1"]
[SourceVersionDate "2007.11.25"]
[SourceQuality "1"]

1. e4 e5 2. Nf3 Nf6 3. Nc3 Nc6 4. Bc4 Nxe4 5. Nxe4 d5 6. Bxd5 Qxd5 7. Nc3 Qd8 8. 0-0 Bg4 9. h3 Bh5 10. Re1 Bd6 11. b3 Qd7 12. Bb2 Qe6 13. d3 0-0-0 14. Ne4 f5 15. Nxd6+ cxd6 16. Qe2 Bg6 17. Nd4 Nxd4 18. Bxd4 Kb8 19. Rad1 Rc8 20. c4 Qf7 21. Bb2 Rhe8 22. Qd2 Rc6 23. d4 e4 24. d5 Rc7 25. Qc3 Rce7 26. Ba3 Rd8 27. f3 b6 28. Rd2 Kc7 29. Rde2 h6 30. Rf2 exf3 31. Rxe7+ Qxe7 32. Rxf3 Re8 33. Rf1 Qe3+ 34. Qxe3 Rxe3 35. Kf2 Re7 36. Re1 Rf7 1/2-1/2